| 000 | 00697nam a2200229Ia 4500 | ||
|---|---|---|---|
| 003 | OSt | ||
| 005 | 20230506161748.0 | ||
| 008 | 210423s2001 xx 000 0 und d | ||
| 040 | _cAL | ||
| 041 | _aeng | ||
| 082 |
_a307 _223 _bMUKL |
||
| 100 |
_aMUKHARJE (Neela);others,Ed _999455 |
||
| 245 | _aLearning to share: experience and reflection on pra and others participatory approaches | ||
| 250 | _a1 | ||
| 260 |
_aNew Delhi _bSahitya Bhawan Publications _c2001 |
||
| 365 |
_b200 _cINR |
||
| 440 | _v2 | ||
| 650 |
_aCommunities _999456 |
||
| 650 |
_aSociology _999457 |
||
| 906 | _aapproaches ; experience ; Learning ; others ; participatory ; pra ; reflection ; share: | ||
| 942 |
_2ddc _cBK |
||
| 999 |
_c171320 _d171320 |
||